000
00326nam a2200145Ia 4500
008
230312s9999||||xx |||||||||||||| ||und||
020
_a
470-46206-5
082
_a
615.9
_b
MOD
245
0
_a
Modern Toxicology
260
_b
Wiley
_a
India
_c
2010
300
_a
648
546
_a
Eng.
650
_a
Medical
_v
Toxicology
942
_c
BK
999
_c
6533
_d
6533